Normal view
MARC view
- الوهادنة(عجلون-الاردن) عجلون-الاردن-تاريخ
Entry Topical Term
001 - CONTROL NUMBER
- control field: 59524
003 - CONTROL NUMBER IDENTIFIER
- control field: JO-AjAnu
005 - DATE AND TIME OF LATEST TRANSACTION
- control field: 20230606083731.0
008 - FIXED-LENGTH DATA ELEMENTS
- fixed length control field: 230606|| aca||aabn | a|a d
040 ## - CATALOGING SOURCE
- Original cataloging agency: JO-AjAnu
- Transcribing agency: JO-AjAnu
150 ## - HEADING--TOPICAL TERM
- Topical term or geographic name entry element: الوهادنة(عجلون-الاردن) عجلون-الاردن-تاريخ
670 ## - SOURCE DATA FOUND
- Source citation: Work cat.: (JO-AjAnu)30358: الوحشات، محمد مصطفى فارس, author 59523, الوهادنة: مقتطفات من التاريخ